The Handbook of MIS management /

Bibliographic Details
Other Authors: Umbaugh, Robert E.
Format: Book
Language:English
Published: Pennsauken, NJ : Auerbach Publishers, 1985.
Subjects:

MARC

Tag First Indicator Second Indicator Subfields
LEADER 00000cam a2200000 a 4500
001 in00000010382
005 20151007051345.0
008 860317s1985 njua b 00100 eng
010 |a  86132226  
020 |a 0877692858 
035 |a (OCoLC)13000361 
035 |9 AAA2587AM 
040 |a DLC  |c DLC  |d m/c  |d TXA  |d UtOrBLW 
049 |a TXAM  |c [A12629998] 
050 0 0 |a T58.6  |b .H342 1985 
082 0 |a 651.5  |2 19 
245 0 4 |a The Handbook of MIS management /  |c Robert E. Umbaugh, editor. 
264 1 |a Pennsauken, NJ :  |b Auerbach Publishers,  |c 1985. 
300 |a xviii, 837, 7 pages :  |b illustrations ;  |c 25 cm. 
336 |a text  |b txt  |2 rdacontent 
337 |a unmediated  |b n  |2 rdamedia 
338 |a volume  |b nc  |2 rdacarrier 
504 |a Includes bibliographies and index. 
650 0 |a Management information systems  |v Handbooks, manuals, etc. 
700 1 |a Umbaugh, Robert E. 
999 |a MARS 
999 f f |s 095395be-aa18-3f41-831e-47054bf79cc4  |i 6e1ee744-fe3c-3550-8456-0fbb5695d475  |t 0 
952 f f |p ric  |a Texas A&M University  |b Rellis Campus  |c Joint Library Facility  |d Remote Storage  |t 0  |e T58.6 .H342 1985  |h Library of Congress classification  |i unmediated -- volume  |m A14812629998 
998 f f |a T58.6 .H342 1985  |t 0  |l Remote Storage